000
00267nam a2200109Ia 4500
008
190907s9999||||xx |||||||||||||| ||und||
100
_a
Cotter,Sean
245
0
_a
Inside Taligent Technology
260
_a
New York
_b
Addision-Wesley
_c
1995
300
_a
476
942
_c
BK
999
_c
6491
_d
6491